To Pimp A Butterfly Tracklist (Kendrick Lamar) - Statistics

General Stats
  • This quiz has been taken 728 times
  • The average score is 13 of 16
Answer Stats
Hint Answer % Correct
15 i
95%
1 Wesley's Theory
95%
6 u
92%
7 Alright
91%
3 King Kunta
89%
2 For Free? - Interlude
85%
5 These Walls
79%
16 Mortal Man
78%
13 The Blacker The Berry
78%
8 For Sale? - Interlude
75%
4 Institutionalized
72%
9 Momma
72%
11 How Much A Dollar Cost
71%
10 Hood Politics
61%
12 Complexion (A Zuzu Love)
60%
14 You Ain't Gotta Lie (Momma Said)
58%
No matching quizzes found
Score Distribution
Percent of People with Each Score
Percentile by Number Answered
Your Score History
You have not taken this quiz